Inconsecutive British Prime Ministers - Statistics

General Stats
  • This quiz has been taken 4 times
  • The average score is 4 of 17
Answer Stats
Years Party Answer % Correct
1940–19451951–1955 Conservative Winston Churchill
100%
18681874–1880 Conservative Benjamin Disraeli
67%
1964–19701974–1976 Labour Harold Wilson
67%
19241929–1935 Labour Ramsay MacDonald
33%
1923–19241924–1929 1935–1937 Conservative Stanley Baldwin
33%
1868–18741880–1885 1886 1892–1894 Liberal William Gladstone
33%
1783–18011804–1806 Tory William Pitt the Younger
33%
1754–17561757–1762 Whig Duke of Newcastle
0%
17831807–1809 Tory Duke of Portland
0%
1828–18301834 Tory Duke of Wellington
0%
18521858–1859 1866–1868 Conservative Earl of Derby
0%
1846–18521865–1866 Whig/Liberal Lord John Russell
0%
18341835–1841 Whig Lord Melbourne
0%
1855–18581859–1865 Whig Lord Palmerston
0%
1765–17661782 Whig Marquess of Rockingham
0%
1885–18861886–1892 1895–1902 Conservative Marquess of Salisbury
0%
1834–18351841–1846 Conservative Robert Peel
0%
No matching quizzes found
Score Distribution
Percent of People with Each Score
Percentile by Number Answered
Your Score History
You have not taken this quiz